000 00375nam a2200145Ia 4500
008 231221s9999 xx 000 0 und d
041 _aEnglish
082 _a371.1 PAN;1 R
100 _aPandey, Michael J
245 0 _aTeacher in developing Indian society
260 _c2004-05
_bVinod
_aAGRA
300 _a17+537
650 _aTeacher,deviloping,society
942 _cED
999 _c206768
_d206768